[Event "SF Lieme 1 - SG Niederkassel 1"]
[Site "NRW-Klasse, Gruppe 1 2013/201"]
[Date "2014.02.02"]
[Round "6.3"]
[White "Rybarczyk, Klaus"]
[Black "Himpenmacher, Andy"]
[Result "0-1"]
[WhiteElo "2129"]
[BlackElo "2045"]
[PlyCount "64"]
[EventDate "2014.??.??"]
[WhiteTeam "SG Niederkassel 1"]
[BlackTeam "SF Lieme 1"]

1. d4 Nf6 2. Nf3 e6 3. c4 d5 4. g3 Be7 5. Bg2 O-O 6. O-O dxc4 7. Ne5 c5 8. dxc5
Qc7 9. Nxc4 Qxc5 10. Qb3 Nc6 11. Nba3 Qh5 12. Qf3 Qxf3 13. exf3 Nb4 14. Ne5
Nbd5 15. f4 b6 16. Nb5 Bb7 17. a3 a6 18. Nd4 Rac8 19. Re1 Rc7 20. f5 Bc5 21.
Nef3 exf5 22. Nxf5 a5 23. N3d4 Rd7 24. Nb3 Bd6 25. Bg5 Bb8 26. Rad1 Rfd8 27.
Bxd5 Bxd5 28. Nbd4 Be6 29. Bxf6 gxf6 30. Nh6+ Kh8 31. Rc1 Rxd4 32. Rc6 Kg7 0-1

[Event "SF Lieme 1 - SG Niederkassel 1"]
[Site "NRW-Klasse, Gruppe 1 2013/201"]
[Date "2014.02.02"]
[Round "6.4"]
[White "Schaffarczyk, Andre"]
[Black "Broehl, Stephan"]
[Result "1/2-1/2"]
[WhiteElo "2027"]
[BlackElo "2102"]
[PlyCount "88"]
[EventDate "2014.??.??"]
[WhiteTeam "SF Lieme 1"]
[BlackTeam "SG Niederkassel 1"]

1. e4 c6 2. d4 d5 3. Nc3 dxe4 4. Nxe4 Bf5 5. Ng3 Bg6 6. h4 h6 7. Nf3 Nd7 8. h5
Bh7 9. Bd3 Ngf6 10. Bxh7 Nxh7 11. Qd3 e6 12. Bf4 Bb4+ 13. c3 Be7 14. O-O-O O-O
15. Ne4 Ndf6 16. Ne5 Nxe4 17. Qxe4 Qd5 18. Qxd5 cxd5 19. g4 Rfc8 20. Kc2 Bd6
21. Be3 Nf6 22. f3 b5 23. Kd3 a5 24. g5 hxg5 25. Bxg5 Bxe5 26. dxe5 Nd7 27.
Rde1 Kh7 28. Be7 Rc4 29. Rh4 f6 30. f4 Nxe5+ 31. fxe5 Rxh4 32. exf6 gxf6 33.
Bxf6 Rh3+ 34. Kd4 Re8 35. Kc5 Rxh5 36. Kxb5 Kg6 37. Be5 Rh7 38. Kc6 Rh4 39. Kd7
Rf8 40. Kxe6 Rd8 41. Rg1+ Kh7 42. Rd1 Re8+ 43. Kxd5 Rd8+ 44. Bd6 Rh2 1/2-1/2

[Event "SF Lieme 1 - SG Niederkassel 1"]
[Site "NRW-Klasse, Gruppe 1 2013/201"]
[Date "2014.02.02"]
[Round "6.5"]
[White "Bussard, Christian"]
[Black "Stukenbrok, Nils"]
[Result "0-1"]
[WhiteElo "2126"]
[BlackElo "1993"]
[PlyCount "94"]
[EventDate "2014.??.??"]
[WhiteTeam "SG Niederkassel 1"]
[BlackTeam "SF Lieme 1"]

1. e4 Nf6 2. d3 d5 3. exd5 Nxd5 4. Nf3 g6 5. Be2 Bg7 6. O-O O-O 7. Re1 c5 8. c4
Nc7 9. Nc3 Nc6 10. Bf1 Re8 11. h3 h6 12. Be3 b6 13. Qd2 Kh7 14. Rad1 Nd4 15.
Bxd4 cxd4 16. Ne2 Bb7 17. Qf4 e5 18. Qg3 f5 19. Nc1 f4 20. Qh2 Bxf3 21. gxf3 b5
22. Qg2 Rb8 23. Nb3 Ne6 24. Rd2 Rf8 25. Qh2 Rf5 26. Bg2 Rh5 27. Kf1 bxc4 28.
dxc4 Qc8 29. Rc2 Rb4 30. c5 Qa6+ 31. Kg1 Qxa2 32. Nc1 Qd5 33. Nd3 Rc4 34. Rd2
Nxc5 35. h4 Nxd3 36. Rxd3 Qd8 37. Qh3 Rc6 38. Qh1 Rxh4 39. Bh3 Qg5+ 40. Kf1 Qh5
41. Kg2 Rf6 42. Ra3 Rf5 43. Bxf5 Rxh1 44. Rxh1 Qxf5 45. Rxa7 e4 46. fxe4 Qxe4+
47. Kh2 f3 0-1

[Event "SF Lieme 1 - SG Niederkassel 1"]
[Site "NRW-Klasse, Gruppe 1 2013/201"]
[Date "2014.02.02"]
[Round "6.6"]
[White "Stork, Holger"]
[Black "Dierkes, Tobias"]
[Result "1/2-1/2"]
[WhiteElo "1991"]
[BlackElo "2071"]
[Annotator "Doe,John"]
[PlyCount "152"]
[EventDate "2014.??.??"]
[WhiteTeam "SF Lieme 1"]
[BlackTeam "SG Niederkassel 1"]

1. e4 c5 2. Nc3 Nc6 3. g3 g6 4. Bg2 Bg7 5. d3 d6 6. Be3 Nf6 7. h3 O-O 8. Nge2
Rb8 9. O-O b5 10. Qd2 Bd7 11. Bh6 b4 12. Nd1 Nd4 13. Bxg7 Kxg7 14. f4 Nh5 15.
Kh2 e5 16. f5 h6 17. Ne3 Nxe2 18. Qxe2 Nf6 19. h4 g5 20. Rf2 Rg8 21. Raf1 Bc6
22. Nc4 Kh7 23. Bh3 g4 24. Bg2 a5 25. Ne3 a4 26. Rb1 Qc7 27. Rff1 Rb6 28. Nc4
Rb7 29. Ra1 Bb5 30. Ne3 Qb8 31. b3 Ra7 32. Rfe1 Qa8 33. Rac1 axb3 34. axb3 Ra2
35. Qf1 Qa5 36. Ra1 Ra3 37. Rac1 Qc7 38. Qe2 Qe7 39. Ra1 h5 40. Qd2 Rga8 41.
Rac1 Qf8 42. Rf1 Qh6 43. Qf2 Ra2 44. Qe2 R8a6 45. Rb1 Bc6 46. Rbc1 Bb5 47. Rfe1
Rb2 48. Ra1 Raa2 49. Rxa2 Rxa2 50. Rd1 Bc6 51. Nc4 $11 Ne8 52. Rf1 f6 53. Rb1
Qg7 54. Qd1 Qa7 55. Qc1 Bb5 56. Ne3 Nc7 57. Rb2 Qa3 58. Rb1 Qxc1 59. Rxc1 Bd7
60. Kg1 Nb5 61. Kf1 Kg7 62. Ke1 Be8 63. Bf1 Bf7 64. Kd1 Kf8 65. Ke1 Ke7 66. Kd1
Kd7 67. Ke1 Kc6 68. Bg2 Nc3 69. Bf1 Bg8 70. Nd1 Nb5 71. Ne3 Nd4 72. Bg2 c4 73.
dxc4 Kc5 74. Bf1 Nf3+ 75. Ke2 Kd4 76. Rd1+ Kc5 1/2-1/2

[Event "SF Lieme 1 - SG Niederkassel 1"]
[Site "NRW-Klasse, Gruppe 1 2013/201"]
[Date "2014.02.02"]
[Round "6.7"]
[White "Guelsen, Taylan"]
[Black "Schulte, Oliver"]
[Result "1/2-1/2"]
[WhiteElo "2000"]
[BlackElo "1993"]
[Annotator "Doe,John"]
[PlyCount "142"]
[EventDate "2014.??.??"]
[WhiteTeam "SG Niederkassel 1"]
[BlackTeam "SF Lieme 1"]

1. e4 c6 2. d4 d5 3. Nc3 dxe4 4. Nxe4 Nf6 5. Ng5 h6 6. N5f3 Bf5 7. Ne2 e6 8.
Ng3 Bg6 9. Ne5 Bh7 10. c3 Nbd7 11. f4 Ne4 12. Qf3 Nxe5 13. fxe5 Qh4 14. Be3
Nxg3 15. Qxg3 Qxg3+ 16. hxg3 Be7 $11 17. g4 O-O-O 18. Be2 Bg5 19. Bxg5 hxg5 20.
O-O-O Be4 21. Bf3 Bxf3 22. gxf3 Kd7 23. Kd2 Ke7 24. Ke3 b6 25. b4 b5 26. a4 a6
27. axb5 Rxh1 28. Rxh1 cxb5 29. Ra1 Rc8 30. Kd3 Rc6 $11 31. Rh1 Rc8 32. Rh5 g6
33. Rh1 Kd7 34. Ra1 Rc6 35. Ra3 Kc7 36. Ke4 Kd7 37. f4 gxf4 38. Kxf4 Ke8 39.
Kg5 Ke7 40. Kh6 Kf8 41. Kh7 Rb6 42. Kh6 Rc6 43. Kg5 Ke7 44. Kf4 Kd7 45. Ke4 Ke7
46. Kd3 Kd7 47. Ra1 Ke7 48. g5 Kd7 49. Rc1 Rc4 50. Rh1 Rc8 51. Kc2 Ke7 52. Kb3
Rc4 53. Rh8 Rc6 54. Ra8 Kd7 55. Ra7+ Ke8 56. Kc2 Kf8 57. Kd3 Ke8 58. Kd2 Kf8
59. Kc2 Ke8 60. Kd3 Kf8 61. d5 exd5 62. Kd4 Rc4+ 63. Kxd5 Rxc3 64. Rxa6 Rg3 65.
Rb6 Rxg5 66. Rxb5 f6 67. Ke6 fxe5 68. Kf6 Rf5+ 69. Kxg6 Rf4 70. Kg5 Kf7 71.
Rxe5 Rxb4 1/2-1/2

[Event "SF Lieme 1 - SG Niederkassel 1"]
[Site "NRW-Klasse, Gruppe 1 2013/201"]
[Date "2014.02.02"]
[Round "6.8"]
[White "Langenhop, Lars"]
[Black "Schienmann, Bruno"]
[Result "0-1"]
[WhiteElo "1900"]
[BlackElo "2215"]
[PlyCount "68"]
[EventDate "2014.??.??"]
[WhiteTeam "SF Lieme 1"]
[BlackTeam "SG Niederkassel 1"]

1. e4 e6 2. b3 d5 3. Bb2 dxe4 4. Nc3 Nf6 5. g4 Bd7 6. Bg2 Bc6 7. Qe2 a5 8. a4
Na6 9. Nh3 Nb4 10. O-O-O Qd7 11. Rhf1 h5 12. gxh5 Rxh5 13. Ng1 Rxh2 14. Bh3 Bc5
15. d4 exd3 16. cxd3 Bd4 17. Kb1 O-O-O 18. Qd2 Rh8 19. Qg5 R2xh3 20. Nxh3 Rxh3
21. Qxa5 Na6 22. b4 Bxc3 23. Bxc3 Bxa4 24. Rc1 Rh5 25. Be5 Qxd3+ 26. Ka1 Qa3+
27. Kb1 Nd5 28. Bb2 Qd3+ 29. Ka1 Qb5 30. Qxb5 Bxb5 31. Rfd1 g6 32. Bd4 Naxb4
33. Rc5 Ba4 34. Rdc1 Nd3 0-1

[Event "Oberhausener SV 1 - PSV Duisburg 1"]
[Site "NRW-Klasse, Gruppe 1 2013/201"]
[Date "2014.02.02"]
[Round "6.1"]
[White "Fleck, Juergen"]
[Black "Hort, Vlastimil"]
[Result "1-0"]
[WhiteElo "2325"]
[BlackElo "2395"]
[PlyCount "65"]
[EventDate "2014.??.??"]
[WhiteTeam "PSV Duisburg 1"]
[BlackTeam "Oberhausener SV 1"]

1. e4 c5 2. Nf3 d6 3. d4 cxd4 4. Nxd4 Nf6 5. Nc3 Nbd7 6. Be3 a6 7. f3 h5 8. Qd2
e6 9. O-O-O Qc7 10. Kb1 b6 11. Bd3 Bb7 12. h3 Ne5 13. f4 Nxd3 14. cxd3 Be7 15.
Qe2 h4 16. Rc1 Qd7 17. Nf3 Nh5 18. Qf2 Ng3 19. Rhd1 b5 20. Bd4 O-O 21. Ne2 Nxe2
22. Qxe2 f5 23. Ng5 g6 24. exf5 e5 25. fxe5 Bxg5 26. e6 Qe7 27. fxg6 Bf6 28.
Bb6 Rac8 29. Qh5 Qg7 30. Rxc8 Bxc8 31. Rc1 Be7 32. Rc7 Re8 33. Bd4 1-0

[Event "Oberhausener SV 1 - PSV Duisburg 1"]
[Site "NRW-Klasse, Gruppe 1 2013/201"]
[Date "2014.02.02"]
[Round "6.2"]
[White "Becker, Marcel"]
[Black "Schiffer, Kai-Uwe"]
[Result "1-0"]
[WhiteElo "2345"]
[BlackElo "2219"]
[PlyCount "76"]
[EventDate "2014.??.??"]
[WhiteTeam "Oberhausener SV 1"]
[BlackTeam "PSV Duisburg 1"]

1. d4 d5 2. c4 e6 3. Nc3 c5 4. cxd5 exd5 5. Nf3 Nc6 6. dxc5 d4 7. Na4 Bxc5 8.
Nxc5 Qa5+ 9. Bd2 Qxc5 10. e3 dxe3 11. Bxe3 Qb4+ 12. Qd2 Nge7 13. Qxb4 Nxb4 14.
Bb5+ Bd7 15. Bxd7+ Kxd7 16. O-O-O+ Nbd5 17. Kb1 Rhd8 18. Bc5 Kc7 19. Ng5 b6 20.
Bxe7 Nxe7 21. Nxf7 Rxd1+ 22. Rxd1 Nc6 23. Nd6 a6 24. Ne4 Re8 25. f3 Re5 26. a3
Ne7 27. Rd2 g5 28. Nf6 h6 29. Ne8+ Kc6 30. Rc2+ Kd7 31. Nf6+ Ke6 32. Ng4 Re1+
33. Rc1 Re2 34. Rc2 Re1+ 35. Ka2 h5 36. Nf2 a5 37. Rd2 Nc6 38. Ne4 Kf5 1-0

[Event "Oberhausener SV 1 - PSV Duisburg 1"]
[Site "NRW-Klasse, Gruppe 1 2013/201"]
[Date "2014.02.02"]
[Round "6.3"]
[White "Schmitz, Joachim"]
[Black "Kaufeld, Juergen"]
[Result "1/2-1/2"]
[WhiteElo "2232"]
[BlackElo "2295"]
[PlyCount "29"]
[EventDate "2014.??.??"]
[WhiteTeam "PSV Duisburg 1"]
[BlackTeam "Oberhausener SV 1"]

1. e4 c5 2. Nf3 d6 3. Bb5+ Bd7 4. Bxd7+ Qxd7 5. c4 Nf6 6. Nc3 g6 7. d4 cxd4 8.
Nxd4 Bg7 9. O-O O-O 10. f3 Rc8 11. b3 d5 12. exd5 Nxd5 13. Nxd5 e6 14. Bh6 exd5
15. Bxg7 1/2-1/2

[Event "Oberhausener SV 1 - PSV Duisburg 1"]
[Site "NRW-Klasse, Gruppe 1 2013/201"]
[Date "2014.02.02"]
[Round "6.4"]
[White "Litwak, Aleksej"]
[Black "Wengenroth, Walter"]
[Result "1/2-1/2"]
[WhiteElo "2230"]
[BlackElo "2207"]
[PlyCount "73"]
[EventDate "2014.??.??"]
[WhiteTeam "Oberhausener SV 1"]
[BlackTeam "PSV Duisburg 1"]

1. e4 e5 2. Nf3 Nc6 3. Bb5 a6 4. Ba4 Nf6 5. O-O Be7 6. Re1 b5 7. Bb3 d6 8. c3
O-O 9. d4 Bg4 10. Be3 exd4 11. cxd4 Na5 12. Nbd2 Nxb3 13. axb3 c5 14. Qc2 Nd7
15. h3 Bh5 16. g4 Bg6 17. d5 Nb6 18. Qd3 Bf6 19. Ra2 Re8 20. Rea1 Qc8 21. Nh2
c4 22. bxc4 Nxc4 23. Nxc4 bxc4 24. Qa3 Bxe4 25. Qxd6 Be5 26. Qb6 Bxd5 27. Rxa6
Rb8 28. Qa5 Bb7 29. Rb6 Bc7 30. Rc1 Bxb6 31. Qxb6 Ba8 32. Qd4 Qc6 33. f3 Rbc8
34. Qf4 Qe6 35. Bd4 Rcd8 36. Bf2 Rc8 37. Bd4 1/2-1/2

[Event "Oberhausener SV 1 - PSV Duisburg 1"]
[Site "NRW-Klasse, Gruppe 1 2013/201"]
[Date "2014.02.02"]
[Round "6.5"]
[White "Maslak, Sulejman"]
[Black "Ciornei, Dragos"]
[Result "1-0"]
[WhiteElo "2245"]
[BlackElo "2123"]
[PlyCount "83"]
[EventDate "2014.??.??"]
[WhiteTeam "PSV Duisburg 1"]
[BlackTeam "Oberhausener SV 1"]

1. c4 Nf6 2. Nc3 g6 3. d4 Bg7 4. g3 O-O 5. Bg2 d6 6. e3 Nbd7 7. Nge2 e5 8. b3
Re8 9. O-O c6 10. Ba3 exd4 11. Nxd4 Nc5 12. Qc2 a5 13. Rad1 Qc7 14. Rfe1 Bd7
15. e4 h5 16. h3 h4 17. g4 Nh7 18. f4 g5 19. e5 gxf4 20. Nf3 Na6 21. Bxd6 Qd8
22. Qf2 f6 23. exf6 Nxf6 24. Be5 Qe7 25. Qxh4 Qc5+ 26. Bd4 Rxe1+ 27. Rxe1 Qf8
28. Qg5 Re8 29. Qxf4 Rxe1+ 30. Nxe1 Qe7 31. Nf3 Nc5 32. g5 Nh5 33. Qb8+ Kh7 34.
Bxg7 Qe3+ 35. Kh2 Kxg7 36. Qe5+ Qxe5+ 37. Nxe5 Bf5 38. Bf3 Nf4 39. h4 Ng6 40.
Nxg6 Kxg6 41. Kg3 Nd3 42. Be2 1-0

[Event "Oberhausener SV 1 - PSV Duisburg 1"]
[Site "NRW-Klasse, Gruppe 1 2013/201"]
[Date "2014.02.02"]
[Round "6.6"]
[White "Nissen, Claus"]
[Black "Heisel, Guido"]
[Result "1-0"]
[WhiteElo "2133"]
[BlackElo "2094"]
[PlyCount "63"]
[EventDate "2014.??.??"]
[WhiteTeam "Oberhausener SV 1"]
[BlackTeam "PSV Duisburg 1"]

1. e4 d5 2. exd5 Nf6 3. d4 Bg4 4. Be2 Bxe2 5. Nxe2 Qxd5 6. O-O e6 7. Nbc3 Qh5
8. Bf4 Bd6 9. Qd3 a6 10. Bxd6 cxd6 11. Qg3 Ke7 12. d5 e5 13. f4 Nbd7 14. fxe5
dxe5 15. d6+ Kf8 16. h3 Qg6 17. Qf3 Rb8 18. Ng3 h5 19. Nf5 h4 20. Nd5 Rh5 21.
Nxf6 Nxf6 22. Rad1 Rg5 23. d7 Rxf5 24. Qxf5 Rd8 25. Qxe5 Qxc2 26. Qd6+ Kg8 27.
Rc1 Qe2 28. Rc8 Qe3+ 29. Kh1 Ne4 30. Rxd8+ Kh7 31. Qf4 Ng3+ 32. Kh2 1-0

[Event "Oberhausener SV 1 - PSV Duisburg 1"]
[Site "NRW-Klasse, Gruppe 1 2013/201"]
[Date "2014.02.02"]
[Round "6.7"]
[White "Kleff, Andre"]
[Black "Soehnchen, Andreas"]
[Result "1/2-1/2"]
[WhiteElo "2108"]
[BlackElo "2133"]
[Annotator "Doe,John"]
[PlyCount "82"]
[EventDate "2014.??.??"]
[WhiteTeam "PSV Duisburg 1"]
[BlackTeam "Oberhausener SV 1"]

1. c4 c5 2. g3 g6 3. Bg2 Bg7 4. Nc3 Nc6 5. d3 e5 6. e4 d6 7. Nge2 Nge7 8. a3
O-O 9. O-O Rb8 10. Rb1 a5 11. Bd2 Bg4 12. f3 Be6 13. Nb5 Nd4 14. Nexd4 exd4 15.
b4 axb4 16. axb4 b6 17. bxc5 bxc5 18. Ra1 d5 19. exd5 Bxd5 20. Bf4 Be6 21. Bxb8
Qxb8 22. g4 Be5 23. h3 Bf4 24. Re1 Nc6 25. Rb1 Qd8 26. Re4 g5 27. Qe1 Qf6 28.
Ra1 Nb4 29. Qe2 Bd7 30. Na3 Bc6 31. Nc2 Nxc2 32. Qxc2 Bxe4 33. fxe4 $11 Be3+
34. Kh1 Rb8 35. Rb1 Rxb1+ 36. Qxb1 Kg7 37. Qf1 Qb6 38. Qe2 Qb1+ 39. Bf1 Qb8 40.
Qf3 Bf4 41. Kg2 Qb2+ 1/2-1/2

[Event "Oberhausener SV 1 - PSV Duisburg 1"]
[Site "NRW-Klasse, Gruppe 1 2013/201"]
[Date "2014.02.02"]
[Round "6.8"]
[White "Voge, Andreas"]
[Black "Sponheim, Marko"]
[Result "0-1"]
[WhiteElo "2078"]
[BlackElo "2073"]
[PlyCount "43"]
[EventDate "2014.??.??"]
[WhiteTeam "Oberhausener SV 1"]
[BlackTeam "PSV Duisburg 1"]

1. e4 c5 2. Nf3 d6 3. d4 cxd4 4. Nxd4 Nf6 5. Nc3 a6 6. Bc4 e6 7. Bb3 Nbd7 8. g4
Nc5 9. Qe2 Be7 10. g5 Nfd7 11. h4 Qc7 12. Bd2 b5 13. O-O-O Bb7 14. h5 Nxb3+ 15.
axb3 Rc8 16. g6 b4 17. gxf7+ Kxf7 18. Qg4 Nc5 19. Na4 Nxb3+ 20. Kb1 Nxd4 21. c3
Qc6 22. cxd4 0-1

[Event "Südlohner SV 1 - SF Katernberg 2"]
[Site "NRW-Klasse, Gruppe 1 2013/201"]
[Date "2014.03.09"]
[Round "7.1"]
[White "Rosen, Bernd"]
[Black "Funke, Reinhard"]
[Result "1-0"]
[WhiteElo "2247"]
[BlackElo "2126"]
[PlyCount "89"]
[EventDate "2014.??.??"]
[WhiteTeam "SF Katernberg 2"]
[BlackTeam "Südlohner SV 1"]

1. c4 e5 2. g3 Nf6 3. Bg2 Nc6 4. Nc3 Bb4 5. Nd5 Nxd5 6. cxd5 Ne7 7. Nf3 Bd6 8.
e4 O-O 9. O-O c5 10. b4 cxb4 11. Bb2 f6 12. d4 Ng6 13. h4 exd4 14. Nxd4 Bc5 15.
d6 Bxd6 16. Nf5 Be5 17. Bxe5 Nxe5 18. f4 Nf7 19. Qb3 d6 20. Qxb4 a5 21. Qd4 Ra6
22. Rab1 Rc6 23. Rf2 Qc7 24. Qd2 Rc5 25. Nd4 Bd7 26. Bf1 Re8 27. Bd3 b6 28.
Rff1 d5 29. Rfe1 g6 30. Rbd1 dxe4 31. Rxe4 f5 32. Rxe8+ Bxe8 33. Ne6 Qd6 34.
Nxc5 Qxc5+ 35. Qf2 Qd5 36. Be2 Qxa2 37. Bf3 Qb3 38. Rd2 b5 39. Bd5 Qc3 40. Re2
Kf8 41. Rc2 Qa1+ 42. Kg2 Qf6 43. Qa7 h6 44. Re2 Bc6 45. Qc5+ 1-0

[Event "Südlohner SV 1 - SF Katernberg 2"]
[Site "NRW-Klasse, Gruppe 1 2013/201"]
[Date "2014.03.09"]
[Round "7.2"]
[White "Kolakovic, Klaudio"]
[Black "Villwock, Martin"]
[Result "1/2-1/2"]
[WhiteElo "2001"]
[BlackElo "2183"]
[PlyCount "143"]
[EventDate "2014.??.??"]
[WhiteTeam "Südlohner SV 1"]
[BlackTeam "SF Katernberg 2"]

1. e4 c5 2. Nf3 Nc6 3. d3 g6 4. Be2 Bg7 5. c3 d5 6. Qc2 e5 7. Nfd2 Nf6 8. Nb3
Qe7 9. Bg5 Be6 10. N3d2 h6 11. Bh4 d4 12. c4 O-O 13. a3 a6 14. O-O Qd7 15. Bxf6
Bxf6 16. Nb3 b6 17. g3 Bh3 18. Re1 Bg5 19. Bf1 Bg4 20. h4 Be7 21. N1d2 g5 22.
f3 Be6 23. hxg5 Bxg5 24. Bg2 Be3+ 25. Kh1 Bf2 26. Nf1 Bxe1 27. Rxe1 Qe7 28. Qd2
Qg5 29. f4 Qh5+ 30. Kg1 Bh3 31. Bxh3 Qxh3 32. Re2 Qg4 33. Rh2 exf4 34. Qxf4
Qxf4 35. gxf4 Kh7 36. Ng3 Rg8 37. Kf2 Rg6 38. Nf5 Re8 39. Nd2 Ne7 40. Nxe7 Rxe7
41. Nf1 b5 42. cxb5 axb5 43. Kf3 c4 44. Ng3 c3 45. bxc3 dxc3 46. Nf5 Ra7 47.
Nd4 Rxa3 48. Nxb5 Rb3 49. Nd4 Rb2 50. Rh5 Rd2 51. e5 Rxd3+ 52. Ke4 Rd2 53. Rh3
c2 54. Rc3 Rgg2 55. Rc7 Kg6 56. Rc6+ Kh5 57. Nf5 Rde2+ 58. Kf3 Ref2+ 59. Ke4
Rh2 60. Rxh6+ Kg4 61. Ne3+ Kg3 62. Nf5+ Kg2 63. Ne3+ Kg1 64. Rc6 Rd2 65. Kf5
Rhe2 66. Nxc2 Rxc2 67. Rxc2 Rxc2 68. Kf6 Rc7 69. f5 Kf2 70. e6 fxe6 71. fxe6
Ke3 72. e7 1/2-1/2

[Event "Südlohner SV 1 - SF Katernberg 2"]
[Site "NRW-Klasse, Gruppe 1 2013/201"]
[Date "2014.03.09"]
[Round "7.3"]
[White "Valkyser, Martin"]
[Black "Doennebrink, Elmar"]
[Result "1/2-1/2"]
[WhiteElo "2181"]
[BlackElo "2044"]
[PlyCount "96"]
[EventDate "2014.??.??"]
[WhiteTeam "SF Katernberg 2"]
[BlackTeam "Südlohner SV 1"]

1. d4 Nf6 2. c4 g6 3. g3 Bg7 4. Bg2 O-O 5. Nc3 d6 6. Nf3 Nbd7 7. O-O e5 8. e4
exd4 9. Nxd4 Ne5 10. b3 Bg4 11. f3 Bd7 12. h3 Nc6 13. Nde2 h6 14. Be3 Ne8 15.
Qd2 Kh7 16. g4 f5 17. exf5 gxf5 18. Nf4 Nf6 19. Rae1 Rf7 20. Ncd5 Bf8 21. Bf2
Nxd5 22. cxd5 Ne5 23. Ne6 Qf6 24. g5 hxg5 25. Nxg5+ Kg8 26. Nxf7 Kxf7 27. f4
Ng6 28. Bd4 Qh4 29. Re6 Bxe6 30. dxe6+ Ke7 31. Qc2 Nxf4 32. Qxc7+ Kxe6 33. Rxf4
Qxf4 34. Qc4+ Kd7 35. Qa4+ Ke6 36. Qc4+ Kd7 37. Qb5+ Kd8 38. Bf6+ Be7 39. Bxe7+
Kxe7 40. Qxb7+ Kf6 41. Qxa8 Qe3+ 42. Kf1 Qc1+ 43. Ke2 Qc2+ 44. Ke1 Qc1+ 45. Kf2
Qd2+ 46. Kg3 Qe1+ 47. Kf3 Qc3+ 48. Kf4 Qd2+ 1/2-1/2

[Event "Südlohner SV 1 - SF Katernberg 2"]
[Site "NRW-Klasse, Gruppe 1 2013/201"]
[Date "2014.03.09"]
[Round "7.4"]
[White "Hater, Wolfgang"]
[Black "Rosen, Willy"]
[Result "1/2-1/2"]
[WhiteElo "2056"]
[BlackElo "2175"]
[PlyCount "94"]
[EventDate "2014.??.??"]
[WhiteTeam "Südlohner SV 1"]
[BlackTeam "SF Katernberg 2"]

1. e4 c5 2. Nf3 Nc6 3. Be2 Nf6 4. d3 d5 5. Nbd2 e6 6. O-O Be7 7. c3 O-O 8. e5
Nd7 9. d4 f5 10. exf6 Bxf6 11. dxc5 Nxc5 12. Nb3 Nxb3 13. Qxb3 Na5 14. Qc2 e5
15. c4 Qc7 16. Ng5 e4 17. Qd1 dxc4 18. Nxe4 Be6 19. Ng5 Bf7 20. Be3 Rad8 21.
Qc1 b5 22. Re1 Rfe8 23. Nxf7 Qxf7 24. Qc2 Nc6 25. Rad1 Nd4 26. Bxd4 Bxd4 27.
Bf3 Rxe1+ 28. Rxe1 Qf6 29. Re2 Bxb2 30. h4 Ba3 31. h5 Qf4 32. Bc6 a6 33. g3
Qc1+ 34. Qxc1 Bxc1 35. a4 c3 36. axb5 Bd2 37. Be4 axb5 38. Bc2 Rd4 39. Re4 Rd6
40. Kf1 Kf7 41. Rb4 h6 42. Rxb5 Bg5 43. Re5 Kf8 44. Rc5 Bf6 45. Rc7 Rd2 46. Bg6
Bd4 47. f4 Bf6 1/2-1/2

[Event "Südlohner SV 1 - SF Katernberg 2"]
[Site "NRW-Klasse, Gruppe 1 2013/201"]
[Date "2014.03.09"]
[Round "7.5"]
[White "Wessendorf, Thomas"]
[Black "Boecker, Manfred"]
[Result "1/2-1/2"]
[WhiteElo "2181"]
[BlackElo "1870"]
[PlyCount "94"]
[EventDate "2014.??.??"]
[WhiteTeam "SF Katernberg 2"]
[BlackTeam "Südlohner SV 1"]

1. e4 e6 2. d4 d5 3. Nd2 dxe4 4. Nxe4 Bd7 5. Nf3 Bc6 6. Bd3 Nd7 7. O-O Bxe4 8.
Bxe4 c6 9. c4 Ngf6 10. Bc2 Be7 11. b3 O-O 12. Bb2 Re8 13. Qd3 Nf8 14. Rad1 Qc7
15. Ne5 Bd6 16. f4 Rad8 17. Qc3 Qe7 18. Kh1 Qc7 19. a3 a6 20. Qf3 Ng6 21. b4 a5
22. Bc3 axb4 23. axb4 Ra8 24. Ra1 Qe7 25. Nd3 Qc7 26. g3 Rec8 27. Bb3 Nf8 28.
g4 Qd8 29. g5 Ne8 30. Ne5 Rxa1 31. Rxa1 Bxe5 32. dxe5 Ra8 33. Rd1 Qc7 34. Qd3
g6 35. Bb2 Ng7 36. Qc3 Nh5 37. Qd4 Ng7 38. Qc5 Rd8 39. b5 Rxd1+ 40. Bxd1 Nf5
41. bxc6 bxc6 42. Bf3 Nd7 43. Qxc6 Qa5 44. Qe4 Nb6 45. Bd4 Nxc4 46. Bf2 Nd2 47.
Qa8+ Qxa8 1/2-1/2

[Event "Südlohner SV 1 - SF Katernberg 2"]
[Site "NRW-Klasse, Gruppe 1 2013/201"]
[Date "2014.03.09"]
[Round "7.6"]
[White "Teloeken, Andreas"]
[Black "Gassmann, Volker"]
[Result "0-1"]
[WhiteElo "1971"]
[BlackElo "2140"]
[PlyCount "69"]
[EventDate "2014.??.??"]
[WhiteTeam "Südlohner SV 1"]
[BlackTeam "SF Katernberg 2"]

1. e4 Nf6 2. e5 Nd5 3. d4 d6 4. c4 Nb6 5. exd6 exd6 6. Nc3 Be7 7. Be3 Nc6 8. h3
Bf5 9. b3 O-O 10. Nf3 Re8 11. Be2 h6 12. O-O Bf6 13. Rc1 d5 14. Qd2 Be4 15. c5
Nc8 16. Nh2 N8e7 17. Ng4 Nf5 18. Bb5 Bxd4 19. Bxd4 Nfxd4 20. Bxc6 Nxc6 21. f3
Bg6 22. Qxd5 h5 23. Nf2 Re5 24. Qxd8+ Rxd8 25. Nce4 Kf8 26. Rc3 Nd4 27. Kh2
Bxe4 28. fxe4 Nb5 29. Rc4 Rd2 30. a4 Nd4 31. Kg3 Nxb3 32. c6 b6 33. Kf4 Rc5 34.
Rxc5 Nxc5 35. e5 0-1

[Event "Südlohner SV 1 - SF Katernberg 2"]
[Site "NRW-Klasse, Gruppe 1 2013/201"]
[Date "2014.03.09"]
[Round "7.8"]
[White "Teloeken, Stefan"]
[Black "Dette, Jan"]
[Result "0-1"]
[WhiteElo "1762"]
[BlackElo "1895"]
[PlyCount "74"]
[EventDate "2014.??.??"]
[WhiteTeam "Südlohner SV 1"]
[BlackTeam "SF Katernberg 2"]

1. c4 f5 2. Nc3 Nf6 3. d4 e6 4. g3 c6 5. Bg2 d5 6. b3 Bd6 7. Nf3 Qe7 8. Bb2 O-O
9. e3 Bd7 10. O-O Be8 11. c5 Bc7 12. b4 Bh5 13. Qc2 Nbd7 14. Ne2 Bxf3 15. Bxf3
g5 16. Bg2 Qg7 17. b5 Qh6 18. Bc1 Nh5 19. f3 f4 20. exf4 gxf4 21. g4 Ng7 22.
bxc6 bxc6 23. Rb1 e5 24. h3 Ne6 25. Bb2 e4 26. fxe4 f3 27. exd5 fxg2 28. Kxg2
Ng5 29. Qb3 Rab8 30. Rxf8+ Qxf8 31. Qe3 Nf7 32. d6 Bd8 33. d5 cxd5 34. c6 Bb6
35. Qc3 Nde5 36. Rf1 Qxd6 37. Rf5 Qxc6 0-1

[Event "PSV Duisburg 1 - SF Lieme 1"]
[Site "NRW-Klasse, Gruppe 1 2013/201"]
[Date "2014.03.09"]
[Round "7.1"]
[White "Schmitz, Philipp"]
[Black "Fleck, Juergen"]
[Result "0-1"]
[WhiteElo "2196"]
[BlackElo "2325"]
[Annotator "Doe,John"]
[PlyCount "120"]
[EventDate "2014.??.??"]
[WhiteTeam "SF Lieme 1"]
[BlackTeam "PSV Duisburg 1"]

1. e4 e5 2. Nf3 Nc6 3. Bc4 Bc5 4. b4 Bxb4 5. c3 Ba5 6. d4 d6 7. Qb3 Qd7 8. O-O
Bb6 9. Bb5 a6 10. Ba4 Ba7 11. Bxc6 Qxc6 12. Ng5 Nh6 13. Nf3 Bg4 14. Nbd2 f6 15.
Rb1 b5 16. h3 Bc8 17. Ba3 Nf7 18. d5 Qd7 19. c4 O-O 20. Rfc1 bxc4 21. Qxc4 $11
Bb6 22. Qc2 Ng5 23. Nxg5 fxg5 24. Rxb6 cxb6 25. Qc6 Qxc6 26. Rxc6 b5 27. Bxd6
Rf6 28. Nf3 Bb7 29. Rc7 Bxd5 30. Bxe5 Bxe4 31. Nxg5 Bg6 32. a3 a5 33. f4 Bd3
34. Kf2 h6 35. Bxf6 gxf6 36. Ke3 fxg5 37. Kxd3 gxf4 38. Ke4 Rb8 39. Kxf4 b4 40.
axb4 axb4 41. Rc2 b3 42. Rb2 Kf7 43. g4 Kf6 44. h4 Rb4+ 45. Kf3 Ke5 46. Rb1 Kd4
47. Kf4 Kc3+ 48. Kf5 b2 49. Rg1 b1=Q+ 50. Rxb1 Rxb1 51. g5 Rf1+ 52. Kg6 hxg5
53. Kxg5 Kd4 54. h5 Ke5 55. Kg6 Rg1+ 56. Kf7 Rh1 57. Kg6 Ke6 58. h6 Rg1+ 59.
Kh7 Kf7 60. Kh8 Kg6 0-1

[Event "PSV Duisburg 1 - SF Lieme 1"]
[Site "NRW-Klasse, Gruppe 1 2013/201"]
[Date "2014.03.09"]
[Round "7.3"]
[White "Essing, Arnold"]
[Black "Schmitz, Joachim"]
[Result "1/2-1/2"]
[WhiteElo "2160"]
[BlackElo "2232"]
[Annotator "Doe,John"]
[PlyCount "94"]
[EventDate "2014.??.??"]
[WhiteTeam "SF Lieme 1"]
[BlackTeam "PSV Duisburg 1"]

1. d4 Nf6 2. Nf3 g6 3. Bg5 Bg7 4. Nbd2 O-O 5. c3 d6 6. e4 Qe8 7. Be2 h6 8. Bh4
e5 9. dxe5 dxe5 10. O-O Nbd7 11. Re1 Kh8 12. Bf1 Nb6 13. h3 a5 14. Qe2 Nh5 15.
Qe3 Bd7 16. Nc4 Nxc4 17. Bxc4 Kh7 18. Rad1 Be6 19. Bxe6 Qxe6 20. a3 b6 21. Rd2
Bf6 22. Bxf6 Nxf6 23. Red1 Rfe8 24. Ne1 Kg7 25. f3 Qe7 $11 26. Nc2 Red8 27. Kf2
Nh5 28. g3 Nf6 29. Kg2 Ne8 30. Qe2 Nf6 31. Ne3 h5 32. h4 Rxd2 33. Qxd2 Qe6 34.
Qd3 Re8 35. Qb5 Qe7 36. Nc4 Qe6 37. Rd2 Kg8 38. Ne3 Kg7 39. b4 axb4 40. cxb4
Ra8 41. Nc2 Qe8 42. Qc4 Rd8 43. Rxd8 Qxd8 44. Qc3 Qd1 45. Kf2 b5 46. Ne3 Qd6
47. Ke2 c6 1/2-1/2